Personnel management in critical care nursing / (Record no. 274)

MARC details
000 -LEADER
fixed length control field 00901pam a2200277 a 4500
001 - CONTROL NUMBER
control field 4343312
003 - CONTROL NUMBER IDENTIFIER
control field OSt
005 - DATE AND TIME OF LATEST TRANSACTION
control field 20210213110710.0
008 - FIXED-LENGTH DATA ELEMENTS--GENERAL INFORMATION
fixed length control field 890110s1989 mdua b 001 0 eng
010 ## - LIBRARY OF CONGRESS CONTROL NUMBER
LC control number 89005273
020 ## - INTERNATIONAL STANDARD BOOK NUMBER
International Standard Book Number 0801665388
040 ## - CATALOGING SOURCE
Original cataloging agency DLC
Transcribing agency DLC
Modifying agency DLC
-- PHNSL
050 00 - LIBRARY OF CONGRESS CALL NUMBER
Classification number RT120.I5
Item number P36 1989
082 00 - DEWEY DECIMAL CLASSIFICATION NUMBER
Classification number 362.1/73/068
Edition number 19
245 00 - TITLE STATEMENT
Title Personnel management in critical care nursing /
Statement of responsibility, etc. edited by Suzette Cardin [and] Cathy Rodgers Ward.
260 ## - PUBLICATION, DISTRIBUTION, ETC.
Place of publication, distribution, etc. Baltimore :
Name of publisher, distributor, etc. Williams & Wilkins,
Date of publication, distribution, etc. 1989.
300 ## - PHYSICAL DESCRIPTION
Extent xvi, 227 p. :
Other physical details ill. ;
Dimensions 26 cm.
440 #0 - SERIES STATEMENT/ADDED ENTRY--TITLE
Title AACN management series
504 ## - BIBLIOGRAPHY, ETC. NOTE
Bibliography, etc. note Includes bibliographical references.
650 #0 - SUBJECT ADDED ENTRY--TOPICAL TERM
Topical term or geographic name entry element Intensive care nursing
General subdivision Planning.
650 #0 - SUBJECT ADDED ENTRY--TOPICAL TERM
Topical term or geographic name entry element Nursing services
General subdivision Personnel administration.
700 1# - ADDED ENTRY--PERSONAL NAME
Personal name Cardin, Suzette.
700 1# - ADDED ENTRY--PERSONAL NAME
Personal name Ward, Cathy Rodgers.
906 ## - LOCAL DATA ELEMENT F, LDF (RLIN)
a 7
b cbc
c orignew
d 1
e ocip
f 19
g y-gencatlg
942 ## - ADDED ENTRY ELEMENTS (KOHA)
Source of classification or shelving scheme Library of Congress Classification
Koha item type Books
Holdings
Withdrawn status Lost status Source of classification or shelving scheme Damaged status Not for loan Home library Current library Shelving location Date acquired Full call number Barcode Date last seen Copy number Price effective from Koha item type Public note
    Library of Congress Classification     Public Health Nurses School Public Health Nurses School General Stacks 02/13/2021 RT120.I5 P43 01310 02/13/2021 c.1 02/13/2021 Books ekp 13/02/21
Copyright © 2025 PHNS Library. All Rights Reserved.